000 00663cam a2200181 4500
008 250123t2010 a 000 0 eng u
041 0 _aeng
110 2 _aRoyal Institution of Chartered Surveyors
_bGeomatics Faculty
_94352
245 3 _aVirtually real: terrestrial laser scanning -
_bunderstanding an evolving survey technology
260 _bRICS,
_c2010
300 _a1
_ffolded sheet
_c44x21cm.
440 _aRICS Geomatics client guide
650 _aGEOMATICS
650 _aLASER SCANNING
690 _aGeomatics
_96242
856 _uhttps://communities.rics.org/gf2.ti/f/200194/4271685.1/PDF/-/758_LaserScanning%20final%20e%20copy.pdf
942 _n0
_2ddc
999 _c122098
_d122098